Electric machinery and transformers / (Record no. 3825)
[ view plain ]
| 000 -LEADER | |
|---|---|
| fixed length control field | 01089nac a22002411u 4500 |
| 010 ## - LIBRARY OF CONGRESS CONTROL NUMBER | |
| LC control number | 00020034 |
| 020 ## - INTERNATIONAL STANDARD BOOK NUMBER | |
| International Standard Book Number | 0195138902 (cloth) |
| 082 00 - DEWEY DECIMAL CLASSIFICATION NUMBER | |
| Classification number | 621.31042 |
| Item number | G9817 |
| 090 ## - LOCALLY ASSIGNED LC-TYPE CALL NUMBER (OCLC); LOCAL CALL NUMBER (OCLC) | |
| -- | 3825 |
| -- | 3825 |
| 100 ## - MAIN ENTRY--PERSONAL NAME | |
| Personal name | Guru, Bhag S. |
| 245 10 - TITLE STATEMENT | |
| Title | Electric machinery and transformers / |
| Statement of responsibility, etc | Bhag S. Guru, HuÌ(seyin R. HizirogÌŒlu. |
| 250 ## - EDITION STATEMENT | |
| Edition statement | 3rd. ed. |
| 260 ## - PUBLICATION, DISTRIBUTION, ETC. (IMPRINT) | |
| Place of publication, distribution, etc | New York : |
| Name of publisher, distributor, etc | Oxford University Press,2001 |
| Date of publication, distribution, etc | 2001. |
| 300 ## - PHYSICAL DESCRIPTION | |
| Extent | xvii, 700 p. : |
| Other physical details | ill. ; |
| Dimensions | 24 cm. |
| 440 #4 - | |
| -- | The Oxford series in electrical and computer engineering |
| 504 ## - BIBLIOGRAPHY, ETC. NOTE | |
| Bibliography, etc | Includes bibliographical references (p. 692) and index. |
| 650 #0 - SUBJECT ADDED ENTRY--TOPICAL TERM | |
| Topical term or geographic name as entry element | Electric machinery. |
| 700 1# - ADDED ENTRY--PERSONAL NAME | |
| Personal name | HizirogÌŒlu, HuÌ(seyin R. |
| 856 42 - ELECTRONIC LOCATION AND ACCESS | |
| Materials specified | Publisher description |
| Uniform Resource Identifier | <a href="http://www.loc.gov/catdir/enhancements/fy0609/00020034-d.html">http://www.loc.gov/catdir/enhancements/fy0609/00020034-d.html</a> |
| 856 42 - ELECTRONIC LOCATION AND ACCESS | |
| Materials specified | Table of contents only |
| Uniform Resource Identifier | <a href="http://www.loc.gov/catdir/enhancements/fy0609/00020034-t.html">http://www.loc.gov/catdir/enhancements/fy0609/00020034-t.html</a> |
| 942 ## - ADDED ENTRY ELEMENTS (KOHA) | |
| Item type | Book - Borrowing |
| Call number prefix | 621.31042G9817 |
| Withdrawn status | Item status | Source of classification or shelving scheme | Damaged status | Not for loan | Home library | Current library | Shelving location | Date acquired | Source of acquisition | Total Checkouts | Total Renewals | Full call number | Barcode | Date last seen | Date last borrowed | Koha item type |
|---|---|---|---|---|---|---|---|---|---|---|---|---|---|---|---|---|
| Dewey Decimal Classification | Central Library | Central Library | First floor | 08/07/2007 | Purchase | 6 | 18 | 621.31042 GUR | 000030368 | 15/07/2025 | 23/04/2016 | Book - Borrowing |